Países por Imagem #6 - Statistics

Estatísticas Gerais
  • Esse quiz foi jogado 145 vezes
  • A pontuação média é 7 de 14
Estatísticas das Respostas
Imagem Resposta % Correto
Coréia do Norte / Coreia do Sul
86%
África do Sul
77%
Itália
70%
Reino Unido
70%
China
65%
Iraque
61%
Israel / Palestina / Jordânia
57%
Afeganistão
43%
Nicarágua
43%
Rússia
37%
Espanha
32%
Áustria
29%
Tanzânia
25%
Namíbia
16%
Nenhum quiz correspondente encontrado
Distribuição das Pontuações
Porcentagem de Pessoas com Cada Pontuação
Percentil de Números Respondidos
Sua Pontuação Histórica
Você não jogou esse quiz